Chap 11 : défaillance de marché (acteur et bien) - Statistiques

Statistiques générales
  • Ce quiz a été pris 6 fois
  • Le résultat moyen est 5 sur 11
Statistiques - réponses
Question Réponse % Correct
Qu'est-ce que l'effet d'addiction? La dépendance à un bien qui diminue la liberté de l'agent.
80%
Qu'est-ce que l'effet Giffen? Une hausse de la demande due à une hausse du prix.
80%
Comment Keynes décrit l'effet d'anticipation dans le contexte de la demande? Anticipation à la hausse entraîne une hausse de la demande.
60%
Quelle est la principale caractéristique de l'"effet d'addiction"? Dépendance au bien indépendante du prix.
60%
Comment est défini un bien privatif? Rival et excluable.
60%
Quel économiste a étudié la demande atypique de pommes de terre pendant la famine en Irlande? Robert Giffen.
60%
Qu'est-ce qui caractérise un agent libre selon la théorie néoclassique? Hétérogénéité des dotations en facteurs.
40%
Qu'est-ce que le "système 1" et le "système 2" selon Daniel Kahneman? Deux vitesses de la pensée.
20%
Qui a développé le concept de "rationalité limitée" en opposition à la rationalité absolue néoclassique? Herbert Simon
20%
Quels sont les deux critères pour définir un bien collectif? Rivalité et non excluabilité.
20%
Quelle est la principale différence entre les biens collectifs purs et les biens collectifs impurs en termes de financement? Tarification pour les biens collectifs purs et impôt pour les biens collectifs impurs.
0%
Aucun quiz correspondant
Distribution des résultats
% des personnes avec chaque résultat
Percentile par nombre de réponses
Votre historique - résultats
Vous n’avez pas pris ce quiz